000
00298nam a2200121 a 4500
005
20140414131900.0
008
100916s19uu xx 00 eng d
050
_a
TR
_b
B54 1995
100
_a
Bisson, Terry
245
_a
Virtuosity.
260
_a
New York :
_b
Pocket Books,
_c
1995.
999
_c
110640
_d
110640